000
00247nam a22001097a 4500
082
_a
900/REA
100
_a
Reang,Lincoln
_9
83938
245
_a
History of the Reang ( BRU )
260
_a
Guwajati
_b
EBH Pub.
_c
2024
650
_a
History
942
_c
BK
999
_c
68951
_d
68951